La integración latinoamericana: visiones regionales y subregionales /
में बचाया:
| मुख्य लेखक: | |
|---|---|
| अन्य लेखक: | |
| स्वरूप: | अज्ञात |
| प्रकाशित: |
San José:
Juricentro. OBREAL. FLACSO
|
| विषय: | |
| टैग: |
टैग जोड़ें
कोई टैग नहीं, इस रिकॉर्ड को टैग करने वाले पहले व्यक्ति बनें!
|
MARC
| LEADER | 00000 a2200000 04500 | ||
|---|---|---|---|
| 001 | 35889 | ||
| 003 | |||
| 008 | 991231s d | ||
| 040 | |a CRAI/IIS |c CRAI/IIS | ||
| 090 | |a 0001 S687i | ||
| 100 | |a Solís, Luis Guillermo | ||
| 245 | |a La integración latinoamericana: visiones regionales y subregionales / |c Luis Guillermo Solís | ||
| 260 | |a San José: |b Juricentro. OBREAL. FLACSO | ||
| 300 | |a 378 p. | ||
| 650 | |a DEMOCRACIA | ||
| 650 | |a DESARROLLO SOCIAL | ||
| 650 | |a ECONOMIA | ||
| 650 | |a GOBERNABILIDAD | ||
| 650 | |a CUBA | ||
| 700 | |a | ||
| 700 | |a Rojas Aravena, Francisco | ||
| 700 | |a | ||
| 999 | |c 17034 |d 17034 | ||
